Central Library OPAC University of Rajshahi

জনকের প্রতিবাদী জীবন : (Record no. 76248)

MARC details
000 -LEADER
fixed length control field 01120nam a22002537a 4500
001 - CONTROL NUMBER
control field 76248
003 - CONTROL NUMBER IDENTIFIER
rucl marc code BD-RjUL
005 - DATE AND TIME OF LATEST TRANSACTION
control field 20211209082820.0
008 - FIXED-LENGTH DATA ELEMENTS--GENERAL INFORMATION
fixed length control field 191117s2019 bg ||||| |||| 00| 0 ben d
020 ## - INTERNATIONAL STANDARD BOOK NUMBER
International Standard Book Number 9847012007143
035 ## - SYSTEM CONTROL NUMBER
System control number (BD-RjUL)76469
040 ## - CATALOGING SOURCE
Original cataloging agency BD-RjUL
Language of cataloging eng
Transcribing agency BD-RjUL
041 ## - LANGUAGE CODE
Language code of text/sound track or separate title eng
082 ## - DEWEY DECIMAL CLASSIFICATION NUMBER
Edition number 23
Classification number 954.9205092
Author mark and year RAJ 2019
100 ## - MAIN ENTRY--PERSONAL NAME
Personal name রাজ্জাক, মানিক মোহাম্মদ
9 (RLIN) 234981
245 ## - TITLE STATEMENT
Title জনকের প্রতিবাদী জীবন :
Remainder of title কিছু কথা কিছু ঘটনা /
Statement of responsibility, etc. মানিক মোহাম্মদ রাজ্জাক
260 ## - PUBLICATION, DISTRIBUTION, ETC. (IMPRINT)
Place of publication, distribution, etc. ঢাকা :
Name of publisher, distributor, etc. কথা প্রকাশ,
Date of publication, distribution, etc. ২০১৯
300 ## - PHYSICAL DESCRIPTION
Pagination ৫৭৫ পৃ. ;
Size ২২ সেমি.
504 ## - BIBLIOGRAPHY, ETC. NOTE
Bibliography, etc বিবলিওগ্রাফি অন্তর্ভূক্ত।
600 ## - SUBJECT ADDED ENTRY--PERSONAL NAME
Personal name Mujibur Rahman,
Titles and other words associated with a name Sheikh,
Dates associated with a name 1920-1975
General subdivision Biography
Personal name মুজিবুর রহমান,
Titles and other words associated with a name শেখ,
Chronological subdivision ১৯২০-১৯৭৫
Geographic subdivision জীবনী
650 ## - SUBJECT ADDED ENTRY--TOPICAL TERM
Topical term or geographic name as entry element Ex-presidents
Geographic subdivision Bangladesh
Form subdivision Biography
9 (RLIN) 234972
942 ## - ADDED ENTRY ELEMENTS (KOHA)
Source of classification or shelving scheme Dewey Decimal Classification
Koha item type Books
Holdings
Lost status Source of classification or shelving scheme Damaged status Not for loan Permanent Location Current Location Shelving location Date acquired Source of acquisition Cost, normal purchase price Total Checkouts Full call number Date last seen Copy number Koha item type Collection code
  Dewey Decimal Classification   Not For Loan Central Library, University of Rajshahi Central Library, University of Rajshahi Reading Room 13/11/2019 Vidyasagar, Rajshahi 800.00   B 954.9205092 RAJ 2019 17/11/2019 C-1 Books  
  Dewey Decimal Classification     Central Library, University of Rajshahi Central Library, University of Rajshahi   24/09/2019 Biddasagar, Rajshahi 800.00   B 954.9205092 RAJ 2019 21/11/2019 C-2 Books Non-fiction